000 00701na a2200241 4500
001 19171
003 MIRAKIL
005 20181213155116.0
008 170116b tu 000 0
040 _aMilas
_btur
_cTR-AnCHP
041 _atur
082 _a378.561
_bG98y 1996
090 _a378.561 G98y 1996
100 _aGüven, H.Sami
245 _aYÖK düzeninde bir kışla üniversite
_cH.Sami Güven
260 _aBursa
_bEzgi Kitabevi Yayınları
_c1996
300 _a279 s.
_c20 sm.
500 _aYapıt yazarından imzalıdır.
610 _aYükseköğretim Kurumu (YÖK)
_zTürkiye
650 _aÜniversiteler
_zTürkiye
650 _aYükseköğretim
_zTürkiye
942 _2ddc
_cBKS
999 _c6717
_d6717